| 000 | 00895nam a22002417a 4500 | ||
|---|---|---|---|
| 005 | 20250516162017.0 | ||
| 008 | 250516b |||||||| |||| 00| 0 eng d | ||
| 020 | _a978-81-19857-18-0 (hbk) | ||
| 037 | _cTB | ||
| 040 |
_aCRL _cCRL |
||
| 041 |
_2Pun _aPun |
||
| 084 |
_aO152,1I00x 153R4 _qCRL |
||
| 100 |
_aਓਸ਼ੋਂ _9795912 |
||
| 245 | _aਕਹੈ ਕਬੀਰ ਦੀਵਾਨਾ | ||
| 260 |
_aਪਟਿਆਲਾ, ਭਾਰਤ: _bਔਟਉਮੰ ਆਰਟ, _c2024. |
||
| 300 | _a276ਪ. | ||
| 365 |
_b450.00 _cINR |
||
| 650 |
_aਹਿੰਦੀ ਸਾਹਿਤ _9795913 |
||
| 650 |
_aਹਿੰਦੀ ਕਾਵਿ _9795914 |
||
| 700 |
_aਨੱਯਰ, ਵਿਕਾਸ _eਅਨੁਵਾਦਕ _9795916 |
||
| 942 |
_2CC _cTB _hO152,1I00x 153R4 _n0 |
||
| 999 |
_c1413950 _d1413950 |
||